Statystyki dla 15 największych miast w województwie podlaskim

Kliknij tutaj aby rozwiązać quiz!

Ogólne statystyki

  • Ten quiz został rozwiązany 32 razy
  • Średni wynik to 10 z 15

Statystyki odpowiedzi

MieszkańcyMiasto% Poprawnych
297 585Białystok
100%
69 786Suwałki
100%
30 135Augustów
93%
62 795Łomża
93%
25 158Bielsk Podlaski
76%
20 391Hajnówka
76%
22 015Zambrów
69%
15 504Łapy
62%
14 294Siemiatycze
62%
21 812Grajewo
59%
10 164Kolno
55%
9 953Mońki
55%
18 020Sokółka
55%
9 319Wysokie Mazowieckie
55%
11 717Wasilków
38%

Rozkład punktacji

Percentyl według liczby udzielonych odpowiedzi

Procent ludzi z każdym wynikiem

Twoja historia wyników

Nie rozwiązałeś tego quizu